| 000 | 00000nam##2200000za#4500 |
| 001 | 9.699208 |
| 003 | CaOODSP |
| 005 | 20250328135539 |
| 007 | cr ||||||||||| |
| 008 | 150407|2014||||xxc|||||o f|0| 0 eng|d |
| 020 | |a978-1-100-23526-4 |
| 040 | |aCaOODSP|beng |
| 043 | |an-cn--- |
| 086 | 1 |aHP35-44/2014E-PDF |
| 110 | 2 |aPublic Health Agency of Canada. |
| 245 | 10|aToward health equity : |h[electronic resource]|bCanadian approaches to the health sector role |
| 260 | |aOttawa - Ontario : |bPublic Health Agency of Canada |cApril 2014. |
| 300 | |a41p.|breferences, tables |
| 590 | |a14-44|b2014-10-31 |
| 690 | 07|aHealth care|2gcpds |
| 690 | 07|aSocial equity|2gcpds |
| 775 | 08|tVers l'équité en santé : |w(CaOODSP)9.643163 |
| 775 | 08|t[Toward health equity : |w(CaOODSP)9.676727 |
| 856 | 40|ahttp://publications.gc.ca|qPDF|s607 KB|uhttps://publications.gc.ca/collections/collection_2014/aspc-phac/HP35-44-2014-eng.pdf |
| 986 | |aPub.: 140016 |